Союз Українців Самостійників в Канаді і об'єднання українського народу (Запис № 440453)

МАРК-запис
000 -Лідер
fixed length control field 01000nam a22002537a 4500
001 - Контрольний номер
control field 41948
003 - Ідентифікатор контрольного номера
control field UA-OsUOA
005 - Дата та час останнього входження (трансакції)
control field 20210514093139.0
007 - Фіксоване поле фізичного опису
fixed length control field ta
008 - Елементи даних фіксованої довжини – загальна інформація
fixed length control field 20081112b un ||||| |||| 00| 0 ukr d
040 ## - Джерело каталогізації
Агенція оригінальної каталогізації UA-OsUOA
Мова каталогізації ukr
Агенція, яка здійснювала перезапис UA-OsUOA
Агенція, яка здійснювала модифікацію UA-OsUOA
041 ## - Код мови
Код мови тексту/ звукової доріжки чи окремого заголовка (П) ukr
080 ## - Індекс Універсальної десяткової класифікації
Індекс Універсальної десяткової класифікації (УДК) (НП) 09-94(477).152 (К)
090 ## - Локальний шифр розміщення
Класифікаційний індекс УДК 09-94(477).152 (К)
Авторський знак (НП) С79
100 ## - Основне введення – ім’я особи
Ім’я особи (НП) Стечишин М.
245 ## - Відомості про назву
Назва (НП) Союз Українців Самостійників в Канаді і об'єднання українського народу
Решта назви (НП) відчит виголошений на народніх зїздах в Саскатуні і Едмонтоні в послідних днях грудня 1932
260 ## - Публікація, розповсюдження і т.п. (Вихідні дані)
Місце публікації, розповсюдження і т.п. (П) Вінніпег
Дата публікації, розповсюдження і т.п. (П) 1933
300 ## - Фізичний опис
Обсяг 37 с.
650 #7 - Додаткове предметне введення – тематичний термін
Тематичний термін чи географічна назва, як елемент введення (НП) 0 Загальний відділ.
Джерело заголовка чи терміна UDC
942 ## - Додаткові елементи входу (Коха)
Тип елемента Koha Брошура
Source of classification or shelving scheme Universal Decimal Classification
955 ## - Код типу видання за змістом
Код типу видання за змістом (НП) Науково-популярні видання

Немає доступних примірників.